Guess the Year - Football - Statistics

General Stats
  • This quiz has been taken 87 times
  • The average score is 7 of 10
Answer Stats
Question Answer % Correct
The first ever World Cup. 1930
89%
Chelsea FC win their first UEFA Champions League title. 2012
87%
Greece win the UEFA Euro Championship against all odds. 2004
84%
Leicester City won the Premier League title for the first time in their history. 2016
82%
Lamine Yamal was born. 2007
81%
Lionel Messi wins his eighth Ballon d'Or award. 2023
80%
Zlatan Ibrahimobić scores a 35-yard bicycle kick against England. 2013
63%
Pelé becomes the youngest player to win a world cup. 1958
57%
Paul Pogba re-signs for Manchester United for a then-record fee of over 100 million Euros. 2016
51%
Former player George Weah is elected president of Liberia. 2017
33%
No matching quizzes found
Score Distribution
Percent of People with Each Score
Percentile by Number Answered
Your Score History
You have not taken this quiz